000 00193nam a2200097Ia 4500
008 240331s9999 xx 000 0 und d
082 _bWOL
100 _aWolf,L
245 0 _aBeddegama
942 _cL
999 _c4783
_d4783